Normal view
MARC view
- Schmuck, Patricia A.
Entry Personal Name
001 - CONTROL NUMBER
- control field: 18155
003 - CONTROL NUMBER IDENTIFIER
- control field: OSt
005 - DATE AND TIME OF LATEST TRANSACTION
- control field: 20110217144700.0
008 - FIXED-LENGTH DATA ELEMENTS
- fixed length control field: 110217|||a|||||| | ||| d
040 ## - CATALOGING SOURCE
- Original cataloging agency: OSt
- Transcribing agency: OSt
100 ## - HEADING--PERSONAL NAME
- Personal name: Schmuck, Patricia A.
670 ## - SOURCE DATA FOUND
- Source citation: Work cat.: (OSt): Schmuck, Richard A. 18154, Group processes in the classroom, c1971
670 ## - SOURCE DATA FOUND
- Source citation: Work cat.: (OSt): Schmuck, Richard A. 18154, Group processes in the classroom, c1971
